000 00710nam a22002297a 4500
005 20240620122257.0
010 _aENG-113630
020 _c425.00
_a9789384757687
035 _aEN-97162
037 _bDBAD/PUB
082 _a305.30954
100 _aShah, Chayanika
_967611
245 _aNo outlaws in the gender galaxy/
_cBy Chayanika Shah...[et al]
260 _aNew Delhi
_bZubaan
_c2015
270 _a128B Shahpur Jat, 1st Floor
_bNew Delhi
_e110049
300 _axxx,250p.
_c21cm(pbk)
500 _aIncludes bibliographical references
700 _aMerchant, Raj
_967612
700 _aMahajan, Shals
_967613
700 _aNevetia, Smriti
_967614
942 _2ddc
_cEN
_h305.30954
_mSHA
999 _c95154
_d95154